Fr. Conceicao Rodrigues College of Engineering

Mastering Simulink (Record no. 34208)

MARC details
000 -LEADER
fixed length control field 00352nam a2200169Ia 4500
082 ## - DEWEY DECIMAL CLASSIFICATION NUMBER
Classification number 003.85/DAB
Item number DAB
100 ## - MAIN ENTRY--PERSONAL NAME
Personal name Dabney/James B
245 ## - TITLE STATEMENT
Title Mastering Simulink
260 ## - PUBLICATION, DISTRIBUTION, ETC.
Name of publisher, distributor, etc. Pearson Education
Place of publication, distribution, etc. Mumbai
Date of publication, distribution, etc. 2004
366 ## - TRADE AVAILABILITY INFORMATION
Publishers's discount category 20
300 ## - PHYSICAL DESCRIPTION
Extent 376
546 ## - LANGUAGE NOTE
Language note ENGLISH
650 ## - SUBJECT ADDED ENTRY--TOPICAL TERM
Topical term or geographic name entry element Simulink
654 ## - SUBJECT ADDED ENTRY--FACETED TOPICAL TERMS
Focus term simulink
942 ## - ADDED ENTRY ELEMENTS (KOHA)
Koha item type Reference Book
Holdings
Withdrawn status Lost status Damaged status Not for loan Collection Home library Current library Date acquired Source of acquisition Cost, normal purchase price Inventory number Total Checkouts Full call number Barcode Date last seen Cost, replacement price Price effective from Koha item type
        CRC Fr. Agnel's C.Rodrigues College of Engineering Fr. Agnel's C.Rodrigues College of Engineering 17/03/2023 United Book Distributors 3332.00 6280 dt 26/03/2008   003.85/DAB DAB 18614 17/03/2023 3352.00   Reference Book